One Piece - élimination par catégories #1 - Statistiques

Statistiques générales
  • Ce quiz a été pris 284 fois
    281 depuis la dernière actualisation
  • Le résultat moyen est 17 sur 20
Statistiques - réponses
Catégorie Nom de réponses Catégorie Réponse possible % Correct
Catégorie Bleue 37 Personnage de la Marine 🆗
99%
Catégorie Bleue 25 ... sous - amiraux ou au dessus 🆗
97%
Catégorie Bleue 12 ... qui a un fruit du démon 🆗
96%
Catégorie Bleue 5 ... qui est de type Logia 🆗
95%
Catégorie Jaune 69 Appartenant l'équipage d'un empereur 🆗
95%
Catégorie Jaune 47 ... plus précisément mort ( l'empereur ) 🆗
94%
Catégorie Rouge 46 Personnage qui a mangé un Zoan 🆗
92%
Catégorie Rouge 22 ... qui est un pirate 🆗
91%
Catégorie Rouge 16 ... qui est un homme 🆗
89%
Catégorie Jaune 20 ... mais toujours vivant ( le personnage ) 🆗
88%
Catégorie Jaune 2 ... qui était son second 🆗
88%
Catégorie Verte 46 Je suis une île 🆗
87%
Catégorie Verte 31 ... exploré par Luffy 🆗
87%
Catégorie Verte 24 ... mais aussi par l'équipage au complet 🆗
84%
Catégorie Rouge 12 ... qui n'est pas un Zoan Naturel 🆗
83%
Catégorie Verte 12 ... où Luffy à recruter au moins un membre 🆗
81%
Catégorie Jaune 1 et qui a éveillé son fruit du démon Katakuri
66%
Catégorie Bleue 1 et qui n'est pas amiral Smoker
66%
Catégorie Rouge 1 et étant le deuxième porteur du fruit Luffy
59%
Catégorie Verte 1 ... qui a été contrôler par un empereur Wano
57%
Aucun quiz correspondant
Distribution des résultats
% des personnes avec chaque résultat
Percentile par nombre de réponses
Votre historique - résultats
Vous n’avez pas pris ce quiz depuis la dernière actualisation